Journal of advanced linguistic studies (Record no. 94749)

MARC details
000 -LEADER
fixed length control field 00656nam a22001817a 4500
005 - DATE AND TIME OF LATEST TRANSACTION
control field 20150708171055.0
006 - FIXED-LENGTH DATA ELEMENTS--ADDITIONAL MATERIAL CHARACTERISTICS--GENERAL INFORMATION
fixed length control field
008 - FIXED-LENGTH DATA ELEMENTS--GENERAL INFORMATION
fixed length control field 150708b xxu||||| |||| 00| 0 eng d
022 ## - INTERNATIONAL STANDARD SERIAL NUMBER
International Standard Serial Number 2231-4075
037 ## - SOURCE OF ACQUISITION
Source of stock number/acquisition Bahri Publications, 997A/9, PO Box 4453, Gobind Puri, Kalkaji, New Delhi 110019, India
082 ## - DEWEY DECIMAL CLASSIFICATION NUMBER
Classification number 401
245 00 - TITLE STATEMENT
Title Journal of advanced linguistic studies
260 ## - PUBLICATION, DISTRIBUTION, ETC. (IMPRINT)
Place of publication, distribution, etc New Delhi :
Name of publisher, distributor, etc Bahri Publications,
Date of publication, distribution, etc 2014
300 ## - PHYSICAL DESCRIPTION
Extent v. ;
Dimensions 20cm.
310 ## - CURRENT PUBLICATION FREQUENCY
Current publication frequency Half-Yearly
270 ## - ADDRESS
Address 1749/A5, Ist Floor, Govindpuri Extension, PO Box No. 4453, Kalkaji
City New Delhi
Postal code 110019
Telephone number 65810766
Electronic mail address bahrius@vsnl.com
942 ## - ADDED ENTRY ELEMENTS (KOHA)
Source of classification or shelving scheme Dewey Decimal Classification
Item type Periodicals
Call number suffix JOU
Serial record 1
Classification part 401
Holdings
Withdrawn status Lost status Source of classification or shelving scheme Damaged status Not for loan Collection code Home library Current library Date acquired Source of acquisition Total Checkouts Full call number Date last seen Price effective from Koha item type
    Dewey Decimal Classification   Not For Loan Non-fiction D.B.Act.Division D.B.Act.Division 08/07/2015 DBAD/PUB   401 JOU 08/07/2015 08/07/2015 Periodicals

© Delhi Public Library
Hit Counter
free hit counter